000 00597nam a2200229Ia 4500
003 OSt
005 20221006165100.0
006 a|||||r|||| 00| 0
007 ta
008 221006b |||||||| |||| 00| 0 eng d
024 _a3,026
037 _cTextual
040 _aFML
_cFML
_beng
041 _2eng
_aeng
082 _aNR44, 5(Q), J3
100 _aSivananda Au.
_9637701
245 0 _aInspiring Songs and Kirtans
260 _aRishikesh
_bYoga Vedanta
_c1953
300 _a240
_ccm.
942 _hNR44, 5(Q), J3
_cTEXL
_2CC
999 _c1119533
_d1119533